| 000 | 01558nam a22003257a 4500 | ||
|---|---|---|---|
| 003 | AR-RoUNCS | ||
| 005 | 20260313105310.0 | ||
| 007 | ta | ||
| 008 | 260313s2004 ag a br f001 mdspa | ||
| 015 | _aAR-2004 | ||
| 040 |
_aAR-BaBN _bspa _cAR-RoUNCS _eaacr |
||
| 044 |
_aag _car-c |
||
| 080 | 1 |
_a82-34 _22016 |
|
| 245 | 0 | 0 |
_aLeer x leer : _blecturas para estudiantes _nLibro 3 _pPrimer año Polimodal (Tercer año secundaria común) / _c[compilado por Gustavo Bombini]. |
| 246 | 1 | 4 |
_aLeer x leer : _beducación secundaria |
| 250 | _a1a ed. | ||
| 260 |
_aCiudad Autónoma de Buenos Aires : _bMinisterio de Educacion de la Nación, _c2004. |
||
| 300 |
_a183 p. : _bil. ; _c19 cm. |
||
| 490 |
_aPlan Nacional de Lectura ; _v3 |
||
| 500 | _aLibro de distribución gratuita. | ||
| 505 | 0 |
_tTe quiero / _rMario Benedetti -- _tEpisodio de enemigos / _rJorge Luis Borges -- _tLas armas que carga el diablo / _rOrlando van Bredam -- _tLa casa encantada / _rVirginia Wolf -- _tCarta de Don Quijote a Dulcinea del Toboso / _rMiguel de Cervantes Saavedra-- _tLa gruta de las maravillas / _rRicardo Palma -- _tLas líneas de la mano / _rJulio Córtazar -- _tSudeste -- _rHaroldo Conti -- _tRed / _rGraciela Falbo -- _tEl fantasma de Canterville / _rCharly García. |
|
| 521 | 4 | _aEscuela primaria, primer ciclo. | |
| 650 | 7 |
_aPrácticas del lenguaje _vLibros de texto (Secundaria) _2embne |
|
| 650 | 7 |
_aLiteratura infantil _2embne |
|
| 655 | 7 |
_aPoesías _2embne |
|
| 655 | 7 | _aCuentos | |
| 655 | 4 | _aLiteratura infantil | |
| 700 | 1 |
_aBombini, Gustavo. _ecoordinador |
|
| 942 |
_2udc _cOG _n0 |
||
| 999 |
_c969 _d969 |
||